000 00537nam a2200193Ia 4500
005 20250326144839.0
008 250326s9999 xx 000 0 und d
020 _a0-7506-5962-9
037 _aTextbook
040 _aFMSL
_beng
_cFMSL
041 _aeng
_2eng
084 _aX:51 P3
_qFMSL
100 _aBeamish K
_9750188
245 0 _aMarketing planning 2003-2004
_cBeamish K; Ashford R
260 _aBoston
_bBoston, Butterworth Heinemann
_c2003
300 _a360p
942 _cTB
_hX:51 P3
999 _c1305293
_d1305293